Estadísticas para Prueba de Polonia

Haz click aquí para tomar la prueba!

Estadísticas generales

  • Esta prueba ha sido tomada 338 veces
  • La puntuación promedio es 10 de 20

Estadísticas de respuestas

PistaRespuesta% Correcto
CapitalVarsovia
98%
Investigadora de radiación que fue la primera mujer en ganar un Premio NobelMarie Curie
81%
El único Papa polacoJuan Pablo II
81%
Segunda ciudad más grande y antigua capitalCracovia
79%
Mar al norte de PoloniaMar Báltico
73%
Creador del modelo heliocéntrico del sistema solarNicolás Copérnico
71%
Nombre de Polonia en polacoPolska
66%
Moneda de PoloniaZłoty
53%
La antigua ciudad libre conocida por los alemanes como DanzigGdansk
53%
Virtuoso del piano y compositor de "Vals al minuto".Frédéric Chopin
48%
El cineasta fugitivo de "El Pianista"Roman Polanski
44%
Líder de la respuesta anterior y presidente de Polonia de 1990-95Lech Wałęsa
41%
El sindicato que resistió a los soviéticosSolidaridad
39%
El río más largoVístula
37%
Río en la frontera con Polonia y AlemaniaÓder
36%
El ganado salvaje que se extinguió en 1627Uros
27%
Ciudad principal de la Alta SilesiaKatowice
26%
Bola de masa rellena polacaPierogi
24%
El último rey de PoloniaEstanislao II Poniatowski
18%
Los donuts que se comen el último jueves antes de la CuaresmaPączek
14%

Distribución de puntuación

Porcentaje por número respondido

Porcentaje de gente con cada puntuación

Historial de tus puntuaciones

No has tomado esta prueba